| 000 | 00640nam a22001817a 4500 | ||
|---|---|---|---|
| 003 | 0 | ||
| 005 | 20250115141210.0 | ||
| 008 | 160116b xxu||||| |||| 00| 0 eng d | ||
| 050 |
_aPHS BF 724.3.S44 _b.K49 2015 |
||
| 100 | _aKim, Yea Jin | ||
| 245 |
_aSleeping difficulty and attitude toward academics of grade 11 students _cKim Yea Jin |
||
| 260 |
_aLas PiƱas. Philippines : _bSouthville International School and Colleges, _c2015. |
||
| 300 |
_aiii, 19 p. : _bill. ; _c28 cm. |
||
| 504 | _aIncludes bibliographical references. | ||
| 650 | _aSleep disorders in adolescence. | ||
| 650 |
_aSleep _vPsychological aspects. |
||
| 942 |
_2lcc _cPASS |
||
| 999 |
_c290407 _d290407 |
||